In search of the Central African past (Record no. 76451)

MARC details
000 -LEADER
fixed length control field 00644nam a2200145 a 4500
008 - FIXED-LENGTH DATA ELEMENTS--GENERAL INFORMATION
fixed length control field 120416s1990 ||||||||||||||||| || u
050 ## - LIBRARY OF CONGRESS CALL NUMBER
Classification number DT 8011 Das
100 ## - MAIN ENTRY--PERSONAL NAME
Personal name Dasgupta, K. K
245 10 - TITLE STATEMENT
Title In search of the Central African past
260 ## - PUBLICATION, DISTRIBUTION, ETC.
Place of publication, distribution, etc. Ndola
Name of publisher, distributor, etc. Printpak Zambia Ltd
Date of publication, distribution, etc. 1990
300 ## - PHYSICAL DESCRIPTION
Extent 239 pages : illustrations
350 ## -
-- 0.00
995 ## -
-- BINDERY (DAMAGED)
-- 0.00
-- 724236
-- CBU-MAIN LIBRARY (Kitwe)
-- 2
-- 440.00
-- DT 8011 Das
-- 2
-- DAMAGED
-- 724236
-- Main Library Open Access Collection
995 ## -
-- MAIN LIBRARY OPEN ACCESS
-- 0.00
-- 001047
-- CBU-MAIN LIBRARY (Kitwe)
-- 1
-- 440.00
-- DT 8011 Das
-- LOST
-- 001047
-- Main Library Open Access Collection
999 ## -
-- 76451
-- 76451
Holdings
Withdrawn status Lost status Source of classification or shelving scheme Damaged status Not for loan Permanent Location Current Location Shelving location Date acquired Total Checkouts Full call number Barcode Date last seen Copy number Price effective from Koha item type
          CBU-MAIN LIBRARY, KITWE. CBU-MAIN LIBRARY, KITWE.   04/25/2023   DT 8011 Das 724236 04/25/2023 1 04/25/2023 MONOGRAPH
          CBU-MAIN LIBRARY, KITWE. CBU-MAIN LIBRARY, KITWE.   04/25/2023   DT 8011 Das 001047 04/25/2023 2 04/25/2023 MONOGRAPH